[Event "DEM U12w 2021"]
[Site "Willingen GER"]
[Date "2021.08.26"]
[Round "6"]
[White "Richter, Johanna"]
[Black "Haug, Mara"]
[Result "1-0"]
[Termination "normal"]
[Board "8"]
[WhiteElo "1155"]
[BlackElo "1366"]
[WhiteClock "00:02:43"]
[BlackClock "00:01:18"]
[PlyCount "75"]
[WhiteFideId "16278925"]
[BlackFideId "16259300"]
[EventCountry "GER"]
[EventRounds "9"]
[EventType "swiss"]
[EventDate "2021.08.22"]

1. d4 {[%clk 1:30:57]} d5 {[%clk 1:30:55]} 2. c4 {[%clk 1:31:22]} e6 {[%clk
1:31:18]} 3. Nc3 {[%clk 1:31:37]} Nf6 {[%clk 1:31:30]} 4. Bg5 {[%clk 1:31:56]}
Nbd7 {[%clk 1:31:46]} 5. cxd5 {[%clk 1:32:09]} exd5 {[%clk 1:31:55]} 6. Nf3
{[%clk 1:31:57]} c6 {[%clk 1:31:42]} 7. e3 {[%clk 1:31:42]} Be7 {[%clk
1:30:24]} 8. Bd3 {[%clk 1:31:03]} Nh5 {[%clk 1:28:25]} 9. Bxe7 {[%clk 1:29:25]}
Qxe7 {[%clk 1:28:25]} 10. O-O {[%clk 1:27:43]} g6 {[%clk 1:26:11]} 11. Re1
{[%clk 1:22:16]} O-O {[%clk 1:23:46]} 12. Nd2 {[%clk 1:14:11]} f5 {[%clk
1:21:53]} 13. f4 {[%clk 1:09:43]} Ndf6 {[%clk 1:19:24]} 14. Nf3 {[%clk
1:04:03]} b6 {[%clk 1:16:12]} 15. g3 {[%clk 0:57:36]} Bb7 {[%clk 1:12:39]} 16.
Rc1 {[%clk 0:51:19]} Rfe8 {[%clk 1:01:51]} 17. Qe2 {[%clk 0:46:02]} Rac8 {[%clk
0:54:21]} 18. Ne5 {[%clk 0:34:18]} Rc7 {[%clk 0:48:03]} 19. Rc2 {[%clk
0:31:11]} Ng7 {[%clk 0:46:40]} 20. Rec1 {[%clk 0:28:38]} Ne6 {[%clk 0:44:44]}
21. Qf2 {[%clk 0:20:08]} Qd6 {[%clk 0:37:10]} 22. Re2 {[%clk 0:10:02]} Nd7
{[%clk 0:34:27]} 23. Kh1 {[%clk 0:03:03]} Qe7 {[%clk 0:27:05]} 24. Kg1 {[%clk
0:01:02]} Qg7 {[%clk 0:25:01]} 25. Kh1 {[%clk 0:00:40]} Qh6 {[%clk 0:21:30]}
26. Nxd5 {[%clk 0:00:37]} c5 {[%clk 0:01:42]} 27. Be4 {[%clk 0:00:45]} Nxe5
{[%clk 0:00:46]} 28. fxe5 {[%clk 0:00:39]} fxe4 {[%clk 0:00:53]} 29. Nf6+
{[%clk 0:01:03]} Kh8 {[%clk 0:00:51]} 30. Nxe8 {[%clk 0:01:26]} Rd7 {[%clk
0:00:36]} 31. dxc5 {[%clk 0:01:12]} Nxc5 {[%clk 0:00:50]} 32. Rf1 {[%clk
0:01:09]} Ne6 {[%clk 0:00:31]} 33. Nd6 {[%clk 0:00:44]} Ba6 {[%clk 0:00:47]}
34. Nf7+ {[%clk 0:01:08]} Rxf7 {[%clk 0:00:54]} 35. Qxf7 {[%clk 0:01:30]} Bxe2
{[%clk 0:01:11]} 36. Qe8+ {[%clk 0:01:54]} Nf8 {[%clk 0:01:00]} 37. Rxf8+
{[%clk 0:02:17]} Kg7 {[%clk 0:01:18]} 38. Qf7# {[%clk 0:02:43]} 1-0

[Event "DEM U12w 2021"]
[Site "Willingen GER"]
[Date "2021.08.26"]
[Round "6"]
[White "Trunz, Tamila"]
[Black "Stasaitis, Paulina"]
[Result "1-0"]
[Termination "normal"]
[Board "9"]
[WhiteElo "1353"]
[BlackElo "1321"]
[WhiteClock "00:04:43"]
[BlackClock "00:34:27"]
[PlyCount "121"]
[WhiteFideId "16267885"]
[BlackFideId "34606165"]
[EventCountry "GER"]
[EventRounds "9"]
[EventType "swiss"]
[EventDate "2021.08.22"]

1. e4 {[%clk 1:30:57]} c6 {[%clk 1:30:51]} 2. d4 {[%clk 1:31:20]} d5 {[%clk
1:31:16]} 3. exd5 {[%clk 1:31:43]} cxd5 {[%clk 1:31:40]} 4. c4 {[%clk 1:31:54]}
Nf6 {[%clk 1:31:55]} 5. Nc3 {[%clk 1:32:08]} e6 {[%clk 1:31:50]} 6. Nf3 {[%clk
1:31:30]} Bb4 {[%clk 1:31:45]} 7. cxd5 {[%clk 1:29:49]} Nxd5 {[%clk 1:31:45]}
8. Qc2 {[%clk 1:28:26]} Nc6 {[%clk 1:31:32]} 9. Bd3 {[%clk 1:24:58]} Qa5 {[%clk
1:29:05]} 10. Bd2 {[%clk 1:23:25]} Nf6 {[%clk 1:26:43]} 11. O-O {[%clk
1:20:24]} O-O {[%clk 1:26:01]} 12. a3 {[%clk 1:14:01]} Be7 {[%clk 1:24:11]} 13.
h3 {[%clk 1:09:35]} a6 {[%clk 1:21:07]} 14. Rfe1 {[%clk 1:03:38]} Rd8 {[%clk
1:18:29]} 15. Rad1 {[%clk 0:58:55]} Nxd4 {[%clk 1:17:14]} 16. Nxd4 {[%clk
0:58:20]} Rxd4 17. Ne2 {[%clk 0:56:58]} Qd8 {[%clk 1:02:10]} 18. Nxd4 {[%clk
0:57:08]} Qxd4 {[%clk 1:02:17]} 19. Bb4 {[%clk 0:56:13]} Kf8 {[%clk 0:58:07]}
20. Bxe7+ {[%clk 0:49:20]} Kxe7 {[%clk 0:57:23]} 21. Qc7+ {[%clk 0:43:14]} Qd7
{[%clk 0:56:45]} 22. Qc5+ {[%clk 0:42:48]} Ke8 {[%clk 0:52:48]} 23. Bc2 {[%clk
0:33:35]} Qe7 {[%clk 0:49:42]} 24. Ba4+ {[%clk 0:27:41]} Bd7 {[%clk 0:48:15]}
25. Bxd7+ {[%clk 0:27:36]} Nxd7 {[%clk 0:48:34]} 26. Qxe7+ {[%clk 0:27:35]}
Kxe7 {[%clk 0:48:46]} 27. Rc1 {[%clk 0:27:50]} b5 {[%clk 0:48:41]} 28. f4
{[%clk 0:27:40]} g6 {[%clk 0:48:45]} 29. g4 {[%clk 0:26:18]} Kf6 {[%clk
0:48:53]} 30. Kf2 {[%clk 0:25:04]} e5 {[%clk 0:48:51]} 31. Rc6+ {[%clk
0:22:25]} Kg7 {[%clk 0:47:55]} 32. fxe5 {[%clk 0:22:12]} a5 {[%clk 0:46:27]}
33. e6 {[%clk 0:19:33]} fxe6 {[%clk 0:43:31]} 34. Rc7 {[%clk 0:19:45]} Rf8+
{[%clk 0:43:27]} 35. Kg2 {[%clk 0:17:32]} Rf7 {[%clk 0:42:25]} 36. Rxe6 {[%clk
0:16:22]} h5 {[%clk 0:36:25]} 37. Ra6 {[%clk 0:14:08]} a4 {[%clk 0:35:30]} 38.
Raa7 {[%clk 0:13:20]} Ne5 {[%clk 0:35:28]} 39. Rxf7+ {[%clk 0:13:22]} Nxf7
{[%clk 0:35:46]} 40. Rb7 {[%clk 0:13:35]} Kf6 {[%clk 0:35:44]} 41. Rxb5 {[%clk
0:13:25]} hxg4 {[%clk 0:35:35]} 42. hxg4 {[%clk 0:13:43]} g5 {[%clk 0:35:19]}
43. Rb4 {[%clk 0:13:35]} Ne5 {[%clk 0:35:11]} 44. Rxa4 {[%clk 0:12:33]} Nd3
{[%clk 0:34:01]} 45. b3 {[%clk 0:11:02]} Nc5 {[%clk 0:31:33]} 46. Rb4 {[%clk
0:10:32]} Nd3 {[%clk 0:31:49]} 47. Rd4 {[%clk 0:09:45]} Nf4+ {[%clk 0:31:59]}
48. Rxf4+ {[%clk 0:08:03]} gxf4 {[%clk 0:32:15]} 49. Kf3 {[%clk 0:08:10]} Kg5
{[%clk 0:32:17]} 50. a4 {[%clk 0:08:07]} Kh4 {[%clk 0:32:04]} 51. a5 {[%clk
0:07:52]} Kg5 {[%clk 0:32:05]} 52. a6 {[%clk 0:07:48]} Kh4 {[%clk 0:32:23]} 53.
a7 {[%clk 0:07:59]} Kg5 {[%clk 0:32:41]} 54. a8=Q {[%clk 0:08:12]} Kf6 {[%clk
0:32:54]} 55. Qe4 {[%clk 0:07:18]} Kg7 {[%clk 0:33:02]} 56. Qe6 {[%clk
0:05:29]} Kh8 {[%clk 0:33:14]} 57. Qe7 {[%clk 0:05:03]} Kg8 {[%clk 0:33:36]}
58. g5 {[%clk 0:04:25]} Kh8 {[%clk 0:33:52]} 59. g6 {[%clk 0:04:37]} Kg8 {[%clk
0:34:09]} 60. Qf7+ {[%clk 0:04:43]} Kh8 {[%clk 0:34:27]} 61. Qh7# 1-0

[Event "DEM U12w 2021"]
[Site "Willingen GER"]
[Date "2021.08.26"]
[Round "6"]
[White "Pröttel, Ela"]
[Black "Strübel, Katharina"]
[Result "1-0"]
[Termination "normal"]
[Board "10"]
[WhiteElo "1182"]
[BlackElo "1154"]
[WhiteClock "00:08:35"]
[BlackClock "00:18:22"]
[PlyCount "95"]
[WhiteFideId "44582749"]
[BlackFideId "16284879"]
[EventCountry "GER"]
[EventRounds "9"]
[EventType "swiss"]
[EventDate "2021.08.22"]

1. e4 {[%clk 1:30:56]} e5 {[%clk 1:30:47]} 2. Nf3 {[%clk 1:31:18]} Nc6 {[%clk
1:30:58]} 3. Bb5 {[%clk 1:31:17]} a6 {[%clk 1:30:54]} 4. Ba4 {[%clk 1:31:07]}
Nf6 {[%clk 1:28:14]} 5. O-O {[%clk 1:27:35]} Bc5 {[%clk 1:25:43]} 6. c3 {[%clk
1:24:44]} Bb6 {[%clk 1:23:06]} 7. d4 {[%clk 1:22:01]} Nxe4 {[%clk 1:20:31]} 8.
Re1 {[%clk 1:18:36]} Nf6 {[%clk 1:13:45]} 9. Nxe5 {[%clk 1:16:12]} O-O {[%clk
1:12:30]} 10. Bf4 {[%clk 1:10:50]} Nxe5 {[%clk 1:07:19]} 11. dxe5 {[%clk
1:07:57]} Ne8 {[%clk 1:05:24]} 12. Nd2 {[%clk 1:01:04]} d5 {[%clk 1:03:39]} 13.
Nc4 {[%clk 0:56:42]} Bxf2+ {[%clk 0:58:21]} 14. Kxf2 {[%clk 0:51:02]} b5 {[%clk
0:57:54]} 15. Bxb5 {[%clk 0:43:56]} axb5 {[%clk 0:57:09]} 16. Ne3 {[%clk
0:43:45]} Be6 {[%clk 0:54:38]} 17. Kg1 {[%clk 0:38:51]} f6 {[%clk 0:52:53]} 18.
Nc2 {[%clk 0:36:16]} fxe5 {[%clk 0:40:22]} 19. Bxe5 {[%clk 0:35:43]} Nf6 {[%clk
0:39:06]} 20. Bxc7 {[%clk 0:30:24]} Qxc7 {[%clk 0:28:56]} 21. Rxe6 {[%clk
0:30:12]} Qc5+ {[%clk 0:28:44]} 22. Nd4 {[%clk 0:23:03]} Rfe8 {[%clk 0:21:28]}
23. Qe2 {[%clk 0:15:55]} Ne4 {[%clk 0:20:17]} 24. Rxe8+ {[%clk 0:16:08]} Rxe8
{[%clk 0:20:01]} 25. Qxb5 {[%clk 0:14:01]} Qxb5 {[%clk 0:17:46]} 26. Nxb5
{[%clk 0:14:19]} Rb8 {[%clk 0:16:50]} 27. a4 {[%clk 0:12:59]} Nc5 {[%clk
0:16:27]} 28. b4 {[%clk 0:04:50]} Nxa4 {[%clk 0:15:18]} 29. Rxa4 {[%clk
0:05:00]} Rxb5 {[%clk 0:15:27]} 30. Ra5 {[%clk 0:05:15]} Rxa5 31. bxa5 {[%clk
0:05:38]} Kf7 {[%clk 0:15:16]} 32. a6 {[%clk 0:05:50]} d4 {[%clk 0:15:09]} 33.
cxd4 {[%clk 0:06:07]} Ke6 {[%clk 0:15:23]} 34. a7 {[%clk 0:06:29]} Kd5 {[%clk
0:15:47]} 35. a8=Q+ {[%clk 0:06:42]} Kxd4 {[%clk 0:16:01]} 36. Qa1+ {[%clk
0:06:56]} Ke3 {[%clk 0:16:09]} 37. Qxg7 {[%clk 0:07:11]} Ke2 {[%clk 0:16:29]}
38. Qxh7 {[%clk 0:06:53]} Ke1 {[%clk 0:16:49]} 39. Qe7+ {[%clk 0:07:16]} Kd1
{[%clk 0:17:05]} 40. g4 {[%clk 0:07:03]} Kd2 {[%clk 0:17:27]} 41. g5 {[%clk
0:07:20]} Kd1 {[%clk 0:17:27]} 42. g6 {[%clk 0:07:45]} Kd2 {[%clk 0:17:44]} 43.
g7 {[%clk 0:08:06]} Kd1 {[%clk 0:17:54]} 44. g8=Q {[%clk 0:07:31]} Kd2 {[%clk
0:17:55]} 45. Qgd8+ {[%clk 0:07:54]} Kc2 {[%clk 0:18:11]} 46. Qec7+ {[%clk
0:08:16]} Kb2 {[%clk 0:18:28]} 47. Qdb8+ {[%clk 0:08:18]} Ka2 {[%clk 0:18:22]}
48. Qa5# {[%clk 0:08:35]} 1-0

[Event "DEM U12w 2021"]
[Site "Willingen GER"]
[Date "2021.08.26"]
[Round "6"]
[White "Eger, Nora"]
[Black "Schülke, Rosalie"]
[Result "1/2-1/2"]
[Termination "normal"]
[Board "11"]
[WhiteElo "1281"]
[BlackElo "1423"]
[WhiteClock "00:47:50"]
[BlackClock "00:44:25"]
[PlyCount "46"]
[WhiteFideId "34605827"]
[BlackFideId "16287436"]
[EventCountry "GER"]
[EventRounds "9"]
[EventType "swiss"]
[EventDate "2021.08.22"]

1. Nf3 {[%clk 1:30:57]} d5 {[%clk 1:30:48]} 2. g3 {[%clk 1:31:17]} Nf6 {[%clk
1:30:58]} 3. Bg2 {[%clk 1:31:15]} c6 {[%clk 1:30:37]} 4. O-O {[%clk 1:31:34]}
Bg4 {[%clk 1:30:50]} 5. d3 {[%clk 1:31:14]} Nbd7 {[%clk 1:30:45]} 6. Nbd2
{[%clk 1:30:39]} e5 {[%clk 1:30:48]} 7. e4 {[%clk 1:29:46]} Bd6 {[%clk
1:30:06]} 8. c3 {[%clk 1:26:37]} O-O {[%clk 1:29:55]} 9. Qb3 {[%clk 1:24:32]}
Nc5 {[%clk 1:27:56]} 10. Qc2 {[%clk 1:22:10]} Re8 {[%clk 1:25:38]} 11. Re1
{[%clk 1:19:55]} Qb6 {[%clk 1:24:00]} 12. exd5 {[%clk 1:15:02]} cxd5 {[%clk
1:22:39]} 13. d4 {[%clk 1:14:06]} exd4 {[%clk 1:12:38]} 14. Rxe8+ {[%clk
1:12:33]} Rxe8 {[%clk 1:11:33]} 15. Nxd4 {[%clk 1:10:37]} Nce4 {[%clk 1:03:32]}
16. Nxe4 {[%clk 1:04:06]} dxe4 {[%clk 1:01:31]} 17. Bg5 {[%clk 1:00:59]} Be5
{[%clk 0:54:57]} 18. Bxf6 {[%clk 1:00:00]} Bxf6 {[%clk 0:54:46]} 19. Bxe4
{[%clk 0:59:55]} Bxd4 {[%clk 0:53:48]} 20. cxd4 {[%clk 0:59:59]} Kh8 {[%clk
0:52:09]} 21. Kg2 {[%clk 0:55:30]} Qxd4 {[%clk 0:47:08]} 22. f3 {[%clk
0:50:35]} Bc8 {[%clk 0:44:25]} 23. Rc1 {[%clk 0:47:50]} Qd8 1/2-1/2

[Event "DEM U12w 2021"]
[Site "Willingen GER"]
[Date "2021.08.26"]
[Round "6"]
[White "Schube, Theresa"]
[Black "Moldovan, Stela"]
[Result "0-1"]
[Termination "normal"]
[Board "12"]
[WhiteElo "1262"]
[BlackElo "1251"]
[WhiteClock "00:34:17"]
[BlackClock "00:58:31"]
[PlyCount "72"]
[WhiteFideId "34608800"]
[BlackFideId "16287380"]
[EventCountry "GER"]
[EventRounds "9"]
[EventType "swiss"]
[EventDate "2021.08.22"]

1. e4 {[%clk 1:30:51]} c5 {[%clk 1:30:37]} 2. Nf3 {[%clk 1:31:00]} a6 {[%clk
1:30:54]} 3. c4 {[%clk 1:30:13]} Nc6 {[%clk 1:31:06]} 4. d4 {[%clk 1:29:22]}
cxd4 {[%clk 1:31:25]} 5. Nxd4 {[%clk 1:29:06]} e5 {[%clk 1:31:41]} 6. Nf5
{[%clk 1:29:07]} d6 {[%clk 1:31:12]} 7. Ne3 {[%clk 1:26:49]} g6 {[%clk
1:31:03]} 8. Nc3 {[%clk 1:25:37]} Bg7 {[%clk 1:31:19]} 9. Bd3 {[%clk 1:24:56]}
Nd4 {[%clk 1:30:42]} 10. Ned5 {[%clk 1:23:44]} Ne7 {[%clk 1:30:18]} 11. Bg5
{[%clk 1:21:42]} f6 {[%clk 1:19:16]} 12. Nxf6+ {[%clk 1:20:00]} Bxf6 {[%clk
1:19:28]} 13. Bxf6 {[%clk 1:20:09]} Rf8 {[%clk 1:19:43]} 14. Nd5 {[%clk
1:19:48]} Rf7 {[%clk 1:17:28]} 15. Qd2 {[%clk 1:17:00]} Be6 {[%clk 1:16:18]}
16. Bxe7 {[%clk 1:15:24]} Rxe7 {[%clk 1:16:33]} 17. Nxe7 {[%clk 1:14:34]} Qxe7
{[%clk 1:16:47]} 18. b3 {[%clk 1:12:05]} Kd7 {[%clk 1:16:01]} 19. h3 {[%clk
1:06:58]} Rf8 {[%clk 1:11:11]} 20. Be2 {[%clk 1:04:47]} Qh4 {[%clk 1:10:30]}
21. g3 {[%clk 1:02:10]} Qf6 {[%clk 1:10:42]} 22. O-O-O {[%clk 0:56:52]} b5
{[%clk 1:10:15]} 23. Kb2 {[%clk 0:53:24]} bxc4 {[%clk 1:08:57]} 24. bxc4 {[%clk
0:51:59]} Rb8+ {[%clk 1:09:10]} 25. Kc3 {[%clk 0:49:54]} Qxf2 {[%clk 1:08:39]}
26. Bd3 {[%clk 0:46:16]} Qxg3 {[%clk 1:07:24]} 27. Qh6 {[%clk 0:42:38]} Ne2+
{[%clk 1:04:29]} 28. Kc2 {[%clk 0:41:47]} Nd4+ {[%clk 1:04:44]} 29. Kc1 {[%clk
0:42:04]} Kc6 {[%clk 1:03:04]} 30. Qxh7 {[%clk 0:35:12]} Qg2 {[%clk 1:03:16]}
31. Rd2 {[%clk 0:34:04]} Qxh1+ {[%clk 1:00:56]} 32. Rd1 {[%clk 0:34:28]} Qxh3
{[%clk 1:00:02]} 33. Qa7 {[%clk 0:34:10]} Qe3+ {[%clk 0:58:06]} 34. Rd2 {[%clk
0:34:27]} Nb3+ {[%clk 0:57:59]} 35. axb3 {[%clk 0:34:33]} Qxa7 {[%clk 0:58:21]}
36. Kc2 {[%clk 0:34:17]} Qb6 {[%clk 0:58:31]} 0-1

[Event "DEM U12w 2021"]
[Site "Willingen GER"]
[Date "2021.08.26"]
[Round "6"]
[White "Chandrasekher, Ritu"]
[Black "Hoffmann, Svenja"]
[Result "0-1"]
[Termination "normal"]
[Board "13"]
[WhiteElo "1197"]
[BlackElo "1307"]
[WhiteClock "00:53:29"]
[BlackClock "01:27:57"]
[PlyCount "92"]
[WhiteFideId "34609024"]
[BlackFideId "16287312"]
[EventCountry "GER"]
[EventRounds "9"]
[EventType "swiss"]
[EventDate "2021.08.22"]

1. e4 {[%clk 1:30:58]} e5 {[%clk 1:30:48]} 2. Nf3 {[%clk 1:31:24]} Nc6 {[%clk
1:31:00]} 3. Bc4 {[%clk 1:31:45]} Bc5 {[%clk 1:31:12]} 4. O-O {[%clk 1:32:08]}
Nf6 {[%clk 1:31:11]} 5. d3 {[%clk 1:32:28]} a6 {[%clk 1:31:03]} 6. c3 {[%clk
1:32:36]} Ba7 {[%clk 1:30:54]} 7. Nbd2 {[%clk 1:31:56]} O-O {[%clk 1:30:38]} 8.
h3 {[%clk 1:32:06]} d5 {[%clk 1:30:45]} 9. exd5 {[%clk 1:31:30]} Nxd5 {[%clk
1:31:00]} 10. Ne4 {[%clk 1:29:50]} Be6 {[%clk 1:30:18]} 11. Neg5 {[%clk
1:27:16]} h6 {[%clk 1:30:01]} 12. Nxe6 {[%clk 1:27:04]} fxe6 {[%clk 1:30:24]}
13. Re1 {[%clk 1:25:56]} Qf6 {[%clk 1:28:12]} 14. Qe2 {[%clk 1:23:50]} Rae8
{[%clk 1:25:34]} 15. Nxe5 {[%clk 1:22:45]} Bxf2+ {[%clk 1:25:03]} 16. Kh1
{[%clk 1:20:53]} Bxe1 {[%clk 1:25:22]} 17. Nd7 {[%clk 1:18:38]} Qf1+ {[%clk
1:24:56]} 18. Qxf1 {[%clk 1:18:08]} Rxf1+ {[%clk 1:25:19]} 19. Kh2 {[%clk
1:17:18]} Bd2 {[%clk 1:24:39]} 20. d4 {[%clk 1:16:00]} Rxc1 {[%clk 1:24:52]}
21. Rxc1 {[%clk 1:15:38]} Bxc1 {[%clk 1:25:14]} 22. Nc5 {[%clk 1:13:53]} Bxb2
{[%clk 1:25:13]} 23. Nxb7 {[%clk 1:13:41]} Bxc3 {[%clk 1:25:33]} 24. Bxa6
{[%clk 1:13:17]} Bxd4 25. Bb5 Ndb4 {[%clk 1:24:03]} 26. a3 {[%clk 1:13:08]} Rb8
{[%clk 1:23:23]} 27. axb4 {[%clk 1:13:09]} Nxb4 {[%clk 1:23:42]} 28. Bd7 {[%clk
1:12:20]} Rxb7 {[%clk 1:23:44]} 29. Bxe6+ {[%clk 1:12:36]} Kh8 {[%clk 1:24:01]}
30. Bf5 {[%clk 1:09:04]} Be5+ {[%clk 1:24:10]} 31. Kg1 {[%clk 1:09:01]} Bg3
{[%clk 1:24:22]} 32. Kf1 {[%clk 1:08:49]} c5 {[%clk 1:24:13]} 33. Be4 {[%clk
1:07:49]} Re7 {[%clk 1:24:29]} 34. Ke2 {[%clk 1:07:01]} Rxe4+ {[%clk 1:24:44]}
35. Kf3 {[%clk 1:07:07]} Rf4+ {[%clk 1:25:08]} 36. Kxg3 {[%clk 1:07:23]} g5
{[%clk 1:25:34]} 37. h4 {[%clk 1:04:37]} c4 {[%clk 1:25:57]} 38. Kh3 {[%clk
1:04:17]} Rxh4+ {[%clk 1:25:56]} 39. Kg3 {[%clk 1:04:31]} c3 {[%clk 1:26:20]}
40. Kf3 {[%clk 1:01:41]} c2 {[%clk 1:26:42]} 41. g3 {[%clk 1:01:47]} Rh3 {[%clk
1:26:34]} 42. Kg2 {[%clk 0:59:40]} g4 {[%clk 1:26:43]} 43. Kf2 {[%clk 0:59:20]}
c1=Q {[%clk 1:27:04]} 44. Kg2 {[%clk 0:56:50]} Qd2+ {[%clk 1:27:25]} 45. Kg1
{[%clk 0:56:33]} Rh2 {[%clk 1:27:33]} 46. Kf1 {[%clk 0:53:29]} Qf2# {[%clk
1:27:57]} 0-1

[Event "DEM U12w 2021"]
[Site "Willingen GER"]
[Date "2021.08.26"]
[Round "6"]
[White "Tran, Hanna Emilie Mai Hoa"]
[Black "Woiteck, Sophia"]
[Result "0-1"]
[Termination "normal"]
[Board "14"]
[WhiteElo "1077"]
[BlackElo "1293"]
[WhiteClock "00:32:31"]
[BlackClock "00:01:17"]
[PlyCount "100"]
[WhiteFideId "16267869"]
[BlackFideId "34608753"]
[EventCountry "GER"]
[EventRounds "9"]
[EventType "swiss"]
[EventDate "2021.08.22"]

1. e4 {[%clk 1:30:54]} c5 {[%clk 1:30:49]} 2. d4 {[%clk 1:31:15]} cxd4 {[%clk
1:29:24]} 3. c3 {[%clk 1:31:32]} dxc3 {[%clk 1:28:58]} 4. Nxc3 {[%clk 1:31:53]}
Nc6 {[%clk 1:23:16]} 5. Nf3 {[%clk 1:29:14]} e5 {[%clk 1:20:08]} 6. Bc4 {[%clk
1:26:30]} h6 {[%clk 1:20:08]} 7. a3 {[%clk 1:26:05]} Bc5 {[%clk 1:17:43]} 8.
O-O {[%clk 1:26:02]} a6 {[%clk 1:08:29]} 9. Re1 {[%clk 1:20:49]} d6 {[%clk
1:02:01]} 10. h3 {[%clk 1:21:03]} f5 {[%clk 0:50:53]} 11. Be3 {[%clk 1:17:46]}
Bxe3 {[%clk 0:47:22]} 12. Rxe3 {[%clk 1:16:48]} Nf6 {[%clk 0:40:39]} 13. Bd3
{[%clk 1:08:44]} f4 {[%clk 0:38:54]} 14. Re2 {[%clk 1:04:34]} g5 {[%clk
0:38:33]} 15. Nh2 {[%clk 1:02:45]} g4 {[%clk 0:37:23]} 16. hxg4 {[%clk
1:00:13]} Nxg4 {[%clk 0:36:58]} 17. Rc2 {[%clk 0:58:01]} Nxh2 {[%clk 0:35:07]}
18. Qh5+ {[%clk 0:57:47]} Kf8 {[%clk 0:33:10]} 19. Qxh2 {[%clk 0:56:24]} Nd4
{[%clk 0:32:57]} 20. Rac1 {[%clk 0:49:31]} Nxc2 {[%clk 0:32:56]} 21. Rxc2
{[%clk 0:49:53]} Qg5 {[%clk 0:31:59]} 22. f3 {[%clk 0:48:19]} Qg3 {[%clk
0:17:47]} 23. Qh5 {[%clk 0:46:13]} Qg5 {[%clk 0:16:15]} 24. Qh2 {[%clk
0:45:56]} Be6 {[%clk 0:13:58]} 25. Na4 Bb3 {[%clk 0:13:03]} 26. Rc7 {[%clk
0:40:51]} Bxa4 {[%clk 0:12:44]} 27. Rxb7 {[%clk 0:38:57]} Bb5 {[%clk 0:09:08]}
28. Bxb5 {[%clk 0:38:27]} axb5 {[%clk 0:09:25]} 29. Qh3 {[%clk 0:38:46]} Rg8
{[%clk 0:06:32]} 30. Rxb5 {[%clk 0:37:23]} Rg7 {[%clk 0:02:39]} 31. b4 {[%clk
0:35:33]} Rc7 {[%clk 0:01:34]} 32. Kf1 {[%clk 0:32:33]} Rac8 {[%clk 0:01:33]}
33. Ke2 {[%clk 0:32:40]} Rc2+ {[%clk 0:01:40]} 34. Kd1 {[%clk 0:32:37]} Rc1+
{[%clk 0:01:41]} 35. Kd2 {[%clk 0:32:51]} Qxg2+ {[%clk 0:01:25]} 36. Qxg2
{[%clk 0:33:10]} R8c2+ {[%clk 0:01:44]} 37. Kd3 {[%clk 0:33:13]} Rxg2 {[%clk
0:02:05]} 38. Rb8+ {[%clk 0:33:19]} Ke7 {[%clk 0:02:20]} 39. Rb7+ {[%clk
0:33:29]} Ke6 {[%clk 0:02:40]} 40. Rb6 {[%clk 0:33:39]} Rf1 {[%clk 0:02:54]}
41. a4 {[%clk 0:33:38]} Rxf3+ {[%clk 0:03:04]} 42. Kc4 {[%clk 0:34:00]} Rc2+
{[%clk 0:02:52]} 43. Kb5 Re3 44. a5 {[%clk 0:34:35]} f3 {[%clk 0:03:00]} 45. a6
{[%clk 0:34:33]} f2 {[%clk 0:03:03]} 46. Rb8 {[%clk 0:32:44]} f1=Q+ {[%clk
0:03:14]} 47. Kb6 {[%clk 0:32:56]} Rb3 {[%clk 0:03:08]} 48. Ka7 {[%clk
0:32:24]} Qf2+ {[%clk 0:01:53]} 49. Ka8 {[%clk 0:32:35]} Ra2 {[%clk 0:01:28]}
50. Kb7 {[%clk 0:32:31]} Rxb4+ {[%clk 0:01:17]} 0-1

[Event "DEM U12w 2021"]
[Site "Willingen GER"]
[Date "2021.08.26"]
[Round "6"]
[White "Milman, Sophie"]
[Black "Zhou, Jenny"]
[Result "1-0"]
[Termination "normal"]
[Board "15"]
[WhiteElo "1024"]
[BlackElo "1268"]
[WhiteClock "00:51:14"]
[BlackClock "00:51:22"]
[PlyCount "113"]
[WhiteFideId "34608885"]
[BlackFideId "16280229"]
[EventCountry "GER"]
[EventRounds "9"]
[EventType "swiss"]
[EventDate "2021.08.22"]

1. e4 {[%clk 1:30:59]} e5 {[%clk 1:30:56]} 2. Nf3 {[%clk 1:31:23]} Nc6 {[%clk
1:31:19]} 3. d4 {[%clk 1:31:46]} exd4 {[%clk 1:31:44]} 4. Nxd4 {[%clk 1:32:03]}
Bc5 {[%clk 1:31:48]} 5. Be3 {[%clk 1:32:10]} Qf6 {[%clk 1:31:57]} 6. c3 {[%clk
1:32:25]} Qg6 {[%clk 1:32:11]} 7. Nd2 {[%clk 1:32:01]} Nf6 {[%clk 1:32:30]} 8.
Nxc6 {[%clk 1:30:53]} Bxe3 {[%clk 1:32:17]} 9. fxe3 {[%clk 1:30:08]} bxc6
{[%clk 1:31:51]} 10. Qf3 O-O {[%clk 1:30:38]} 11. Bd3 {[%clk 1:26:35]} Re8
{[%clk 1:29:52]} 12. O-O {[%clk 1:24:36]} Re6 {[%clk 1:26:36]} 13. Kh1 {[%clk
1:14:59]} Ng4 {[%clk 1:21:51]} 14. e5 Nxe5 {[%clk 1:15:43]} 15. Bxg6 {[%clk
1:08:54]} Nxf3 {[%clk 1:15:42]} 16. Bxf7+ {[%clk 1:08:21]} Kxf7 {[%clk
1:16:05]} 17. Rxf3+ {[%clk 1:08:24]} Kg8 {[%clk 1:15:27]} 18. Raf1 {[%clk
1:06:30]} Ba6 {[%clk 1:15:24]} 19. R1f2 Rae8 {[%clk 1:14:22]} 20. e4 {[%clk
1:04:32]} d5 {[%clk 1:11:54]} 21. exd5 {[%clk 1:02:56]} Re1+ {[%clk 1:11:46]}
22. Nf1 {[%clk 1:02:30]} cxd5 {[%clk 1:10:42]} 23. h3 {[%clk 1:01:34]} c5
{[%clk 1:09:07]} 24. Kh2 Bxf1 25. Rxf1 {[%clk 1:00:03]} Rxf1 {[%clk 1:09:30]}
26. Rxf1 {[%clk 1:00:29]} d4 {[%clk 1:09:50]} 27. cxd4 {[%clk 1:00:29]} cxd4
{[%clk 1:10:15]} 28. Rd1 {[%clk 1:00:39]} Rd8 {[%clk 1:10:06]} 29. Kg3 {[%clk
1:00:27]} Rd6 {[%clk 1:08:20]} 30. Kf4 {[%clk 1:00:30]} a5 {[%clk 1:08:18]} 31.
Ke4 {[%clk 1:00:26]} Rb6 {[%clk 1:08:09]} 32. b3 {[%clk 0:59:57]} Re6+ {[%clk
1:07:39]} 33. Kd3 {[%clk 0:58:24]} Kf7 {[%clk 1:07:41]} 34. Kc4 {[%clk
0:58:32]} Re2 {[%clk 1:06:58]} 35. Kd3 Rxa2 {[%clk 1:06:27]} 36. Rd2 {[%clk
0:56:38]} Ra3 {[%clk 1:06:07]} 37. Kc4 {[%clk 0:56:30]} a4 {[%clk 1:04:30]} 38.
bxa4 {[%clk 0:55:03]} Rxa4+ {[%clk 1:04:32]} 39. Kd5 {[%clk 0:55:10]} Kf6
{[%clk 1:02:18]} 40. Rxd4 {[%clk 0:55:13]} Rxd4+ {[%clk 1:01:21]} 41. Kxd4
{[%clk 0:55:30]} h5 {[%clk 1:00:31]} 42. g3 {[%clk 0:54:35]} g5 {[%clk
1:00:04]} 43. Ke4 {[%clk 0:51:23]} Kg6 {[%clk 0:59:14]} 44. Ke5 {[%clk
0:50:41]} h4 {[%clk 0:58:19]} 45. g4 {[%clk 0:50:29]} Kh6 {[%clk 0:58:07]} 46.
Kf6 {[%clk 0:50:41]} Kh7 {[%clk 0:53:41]} 47. Kxg5 {[%clk 0:50:54]} Kg7 48.
Kxh4 {[%clk 0:51:03]} Kh6 {[%clk 0:54:04]} 49. g5+ {[%clk 0:51:11]} Kg6 {[%clk
0:54:21]} 50. Kg4 {[%clk 0:51:22]} Kg7 {[%clk 0:52:12]} 51. h4 {[%clk 0:51:17]}
Kh7 {[%clk 0:52:30]} 52. h5 {[%clk 0:51:10]} Kg7 {[%clk 0:52:49]} 53. Kf5
{[%clk 0:51:17]} Kh7 {[%clk 0:53:02]} 54. Kf6 {[%clk 0:51:28]} Kg8 {[%clk
0:52:55]} 55. g6 {[%clk 0:51:20]} Kf8 {[%clk 0:52:36]} 56. g7+ {[%clk 0:51:01]}
Kg8 {[%clk 0:51:22]} 57. h6 {[%clk 0:51:14]} 1-0